Sociálne nerovnosti a chudoba

Problém chudoby. Príčiny sociálnych a ekonomických nerovností medzi ľuďmi. Potenciálne vplyvy na nerovnosti. Sociálna exklúzia odrážajúca nerovnosť jednotlivcov alebo skupín obyvateľov na živote spoločnosti. Monitorovanie a vyhodnocovanie sociálnych a ekonomických podmienok života domácností. Súbor...

Ausführliche Beschreibung

Gespeichert in:
Bibliographische Detailangaben
1. Verfasser: Ošková, Silvia, 1979-
Format: Buchkapitel
Sprache:Slowakisch
Schlagworte:
Tags: Tag hinzufügen
Keine Tags, Fügen Sie das erste Tag hinzu!

MARC

LEADER 00000nla$a2200000$$$4500
001 0050717
005 20240502071602.3
041 0 |a slo 
044 |a SK 
245 1 0 |a Sociálne nerovnosti a chudoba  |c Silvia Ošková 
520 |a Problém chudoby. Príčiny sociálnych a ekonomických nerovností medzi ľuďmi. Potenciálne vplyvy na nerovnosti. Sociálna exklúzia odrážajúca nerovnosť jednotlivcov alebo skupín obyvateľov na živote spoločnosti. Monitorovanie a vyhodnocovanie sociálnych a ekonomických podmienok života domácností. Súbor 18 spoločne používaných štatistických indikátorov chudoby a sociálnej exklúzie. Nový systém štatistického zisťovania EU-SILC od roku 2004. Metóda merania príjmovej chudoby. 
610 2 0 |a chudoba 
610 2 0 |a nerovnosť sociálna 
610 2 0 |a Európska únia 
610 2 0 |a zisťovanie štatistické 
100 1 |a Ošková, Silvia, 1979-